000 00762nam a22002177a 4500
005 20240530110604.0
008 161030s2014 ua f b 000 0dara d
017 _a2013/22190
_bمصر. دار الكتب
020 _a9772329472
040 _aEG-CaGPL
_cEG-CaGPL
082 0 4 _221
_a613.2082\
_bم ج
100 0 _aمحمد نجاتى الغزالى .
245 1 0 _aجمال المرأة باغذاء و التغذية /
_cمحمد نجاتى الغزالى .
250 _aط.1
260 _aالقاهرة :
_bعالم الكتب ،
_c2014 .
300 _a192 ص ؛
_c24 سم .
650 0 7 _2qrmak
_aالمرأة
_xرعاية و علاج
650 0 7 _2qrmak
_aالمرأة
_xتغذية
942 _2ddc
_cBK
999 _c62729
_d62729